Plan de negocios para la creación de un emprendimiento dedicada a la producción y comercialización de conos y barquillos de gallera la helados en la ciudad de Oruro . / (Registro nro. 16166)
[ vista simple ]
| 000 -LEADER | |
|---|---|
| campo de control de longitud fija | 01851nam a22002894aa4500 |
| 003 - IDENTIFICADOR DE NÚMERO DE CONTROL | |
| campo de control | BOFEUTO |
| 005 - FECHA Y HORA DE LA ÚLTIMA TRANSACCIÓN | |
| campo de control | 20260513095152.0 |
| 008 - DATOS DE LONGITUD FIJA--INFORMACIÓN GENERAL | |
| campo de control de longitud fija | 260504t2025 bo gr 000 f spa d |
| 040 ## - FUENTE DE CATALOGACIÓN | |
| Enlace | BOFEUTO |
| Centro catalogador/agencia de origen | BOFEUTO |
| Centro/agencia transcriptor | BOFEUTO |
| 041 ## - CÓDIGO DE IDIOMA | |
| Código de lengua del texto/banda sonora o título independiente | spa |
| 044 ## - CÓDIGO DEL PAÍS DE LA ENTIDAD EDITORA/PRODUCTORA | |
| Código MARC del país | bo |
| 082 ## - NÚMERO DE LA CLASIFICACIÓN DECIMAL DEWEY | |
| Número de clasificación | TE6311 |
| Número de ítem | R165p |
| 100 ## - ENTRADA PRINCIPAL--NOMBRE DE PERSONA | |
| Nombre de persona | Ramírez Huajlla, Paola Dayana |
| Término indicativo de función/relación | autor |
| 245 ## - MENCIÓN DEL TÍTULO | |
| Título | Plan de negocios para la creación de un emprendimiento dedicada a la producción y comercialización de conos y barquillos de gallera la helados en la ciudad de Oruro . / |
| Mención de responsabilidad, etc. | Paola Dayana Ramírez Huajlla, Clara Rojas Paredes |
| 260 ## - PUBLICACIÓN, DISTRIBUCIÓN, ETC. | |
| Lugar de publicación, distribución, etc. | Oruro : |
| Nombre del editor, distribuidor, etc. | s/n, |
| Fecha de publicación, distribución, etc. | 2025. |
| 300 ## - DESCRIPCIÓN FÍSICA | |
| Extensión | 213 hojas ; |
| Otras características físicas | gráf, ilus. ; |
| Dimensiones | 28.5 cm. |
| 500 ## - NOTA GENERAL | |
| Nota general | Incluye bibliografía, anexos. |
| 502 ## - NOTA DE TESIS | |
| Nota de tesis | Tesis Dirigida, (Licenciatura) -- Universidad Técnica de Oruro, Facultad de Ciencias Económicas, Financieras y Administrativas, Carrera Administración de Empresas, 2025. |
| 520 ## - RESUMEN, ETC. | |
| Sumario, etc. | Huara la crujencia de la felicidad es un innovador emprendimiento local en Oruro, Bolivia, enfocando en la producción y comercialización de conos y barquillo de galletas crujientes y de calidad. Nuestro emprendimiento buscar beneficiar a los consumidores, ofreciendo cono y barquillos de excelente calidad y sabor a precios atractivos, mejorando su experiencia al disfrutar de helados y postres. Asimismo, contribuiremos al desarrollo económico local generando empleo estable y digno postres. En huara , no solo elaboramos galletas; creamos experiencias que deleitan. Nos dedicamos a producir conos y barquillos que son sinónimos de frescura, sabor y una crocancia inigualable, elevando el estándar de los postres en Oruro. |
| 650 ## - PUNTO DE ACCESO ADICIONAL DE MATERIA--TÉRMINO DE MATERIA | |
| Término de materia o nombre geográfico como elemento de entrada | Plan de Negocios |
| 653 ## - TÉRMINO DE INDIZACIÓN--NO CONTROLADO | |
| Término no controlado | Creación |
| 653 ## - TÉRMINO DE INDIZACIÓN--NO CONTROLADO | |
| Término no controlado | Producción |
| 653 ## - TÉRMINO DE INDIZACIÓN--NO CONTROLADO | |
| Término no controlado | Comercialización |
| 653 ## - TÉRMINO DE INDIZACIÓN--NO CONTROLADO | |
| Término no controlado | Demanda |
| 700 ## - ENTRADA AGREGADA--NOMBRE PERSONAL | |
| Nombre de persona | Rojas Paredes, Clara |
| Término indicativo de función/relación | tutor |
| 942 ## - ELEMENTOS DE ENTRADA SECUNDARIOS (KOHA) | |
| Fuente del sistema de clasificación o colocación | Clasificación Decimal Dewey |
| Tipo de ítem Koha | Tesis |
| Suprimir en OPAC | No |
| Estatus retirado | Estado de pérdida | Fuente del sistema de clasificación o colocación | Estado de daño | No para préstamo | Biblioteca de origen | Biblioteca actual | Ubicación en estantería | Fecha de adquisición | Número de inventario | Total de préstamos | Signatura topográfica completa | Código de barras | Visto por última vez | Copia número | Precio de reemplazo | Tipo de ítem Koha |
|---|---|---|---|---|---|---|---|---|---|---|---|---|---|---|---|---|
| No dañado | Disponible | Clasificación Decimal Dewey | No Dañado | Disponible | Biblioteca Central | Biblioteca Central | Tesis | 04/05/2026 | 6311 | TE6311/R165p/2025 | TE6311 | 13/05/2026 | Ej.1 | 13/05/2026 | Tesis |